| 000 | 00352nam a2200133Ia 4500 | ||
|---|---|---|---|
| 008 | 210210b1999 xxu||||| |||| 00| 0 eng d | ||
| 082 | _a820.6 MANM | ||
| 100 | _aMANGALWADI (Vishal). | ||
| 245 | _aMissionary conspiracy letters to a postman hindu. | ||
| 260 |
_aN D _bGood Books _c1999 |
||
| 300 | _a551 | ||
| 690 | _aEnglish Letters | ||
| 906 | _a054822 | ||
| 999 |
_c102669 _d102669 |
||